| 000 | 01150nam a22002057a 4500 | ||
|---|---|---|---|
| 999 |
_c63735 _d63735 |
||
| 003 | Ge_BSU | ||
| 005 | 20251218150231.0 | ||
| 008 | 251218s2025 ge ||||| |||| 00| 0 geo d | ||
| 020 | _a9789941500541 | ||
| 041 | _ageo | ||
| 080 | _a821.353.1-09 შ-18 | ||
| 100 |
_aშაინიძე, ჟუჟუნა _99131 |
||
| 245 |
_aცის გახსნის მისტერიები : _bნარკვევები, წერილები, ესეები / _cჟუჟუნა შაინიძე; რედ. მ. მთვარელიძე; მხატვარინ. ნაირა ნარი დანელია შანდელი. |
||
| 264 |
_aბათუმი: _bგამომცემლობა აჭარა, _c2025. |
||
| 300 |
_a272 გვ.; _b20 სმ. |
||
| 504 | _aბიბლიოგრაფია ტექსტების ბოლოს | ||
| 700 |
_aმთვარელიძე, მ. _eრედაქტორი _926553 |
||
| 700 |
_aდანელია შანდელი, ნაირა ნარი _eმხატვარი _926554 |
||
| 942 |
_2udc _cᲬᲘᲒᲜᲘ |
||